O terceiro período em Santa Clara (Registo nº 1364)

Detalhes MARC
000 -Etiqueta do registo
Cabeçalho 00727nam0a2200265 4500
005 - Identificador da versão
Campo de controlo 20240823100116.0
010 ## - Número internacional normalizado dos livros (ISBN)
Número (ISBN) 9789895555468
021 ## - Número do Depósito Legal
Código do país PT
Número 329 464/11
100 ## - Dados gerais de processamento
Dados gerais de processamento 20120223d20102011d y0pory5003 ba
101 0# - Língua de publicação
Língua do texto, banda sonora, etc. Português
102 ## - Pais de publicação ou produção
País de publicação Portugal
105 ## - Campo de dados codificados: livros
Dados codificados dos livros y z 001yy
106 ## - Campo de dados codificados: material textual
Dados codificados do material textual r
200 1# - Titulo e menção de responsabilidade
Título próprio O terceiro período em Santa Clara
Primeira menção de responsabilidade Enid Blyton
Outras menções de responsabilidade trad. Susana Ferreira
-- trad. Bárbara Soares
205 ## - Menção da edição
Menção da edição 4ª ed
210 ## - Publicação, Distribuição, etc. 
Lugar da edição, distribuição, etc. Alfragide
Nome do editor, distribuidor, etc. Oficina do Livro
Data da publicação, distribuição, etc. 2011
215 ## - Descrição física 
Indicação específica da natureza do documento e extensão da espécie 202 p.
225 2# - Colecção 
Título próprio da colecção As Gémeas
Indicação de volume 3
304 ## - Notas relativas a título e menção de responsabilidade 
Texto da nota Tít. orig.: Summer Term at St Clare's
700 #1 - Nome de autor-pessoa física (responsabilidade principal)
Número de registo de entrada de autoridade 0002959
Palavra de ordem Blyton
Outra parte do nome não tomada para palavra de ordem Enid
Datas 1897-1968
701 #1 - Nome de autor-pessoa física (co-responsabilidade principal)
Palavra de ordem Ferreira
Outra parte do nome não tomada para palavra de ordem Susana
Código de função Tradutor
942 ## - Elementos de entrada adicionados (Koha)
Tipo de item no Koha Livro
966 ## - Identificação da Biblioteca
Sigla NUMETECA
Exemplares
Situação do levantamento Origin of item (home branch) (coded) Biblioteca de empréstimo Código de barras Cota Circulation type (not for loan) Tipo de documento Nota do exemplar Damaged status
  Biblioteca Escolar Eng. Nuno Mergulhão Biblioteca Escolar Eng. Nuno Mergulhão BENM3051 | 2011 82-3 BLY   Livro Sem mensagem